000 00392nam a22001577a 4500
003 LK-CoDNM
005 20240919110813.0
008 240814b |||||||| |||| 00| 0 eng d
040 _aLK-CoDNM
_dLK-CoDNM
_eLK-CoDNM
041 _aeng
080 _bGP1979
245 _aThe acts of Sri Lanka -1979
260 _aColombo
_bGovernment printers
_c1979
300 _b738p. ; 24 cm
942 _cBK
999 _c147757
_d147757